000 00722nam a2200229 4500
001 44740
010 _a9789896226817
021 _b386479/15
090 _a44740
100 _a20160713d2015 b y0pory50030103ba
101 0 _apor
102 _aPT
200 1 _aFábulas de La Fontaine para miúdas e miúdos
_fil. Maria Sassetti
_gcoord. Afonso Reis Cabral
210 9 _a[Lisboa]
_cAlêtheia,
_d2015
215 _a40, [2] p.
_cil.
_d17 x 24 cm
225 2 _aFábulas
_v2
675 _a087.5
_vBN
_zpor
702 1 _aSassetti,
_bMaria,
_f1986-
_4440
702 1 _aCabral,
_bAfonso Reis,
_f1990-
_4340
801 0 _aPT
_bBN
_gRPC
856 4 1 _uhttp://rnod.bnportugal.gov.pt/ImagesBN/winlibimg.aspx?skey=&doc=1936583&img=80738&save=true
990 _cMON